LA SOLIDARIDAD : (Registro nro. 57463)
[ vista simple ]
| 000 -LEADER | |
|---|---|
| fixed length control field | 00989nam a2200229 a 4500 |
| 001 - CONTROL NUMBER | |
| control field | 57463 |
| 005 - DATE AND TIME OF LATEST TRANSACTION | |
| control field | 20180714053646.0 |
| 008 - FIXED-LENGTH DATA ELEMENTS--GENERAL INFORMATION | |
| fixed length control field | 140415s1990 mx 000 0 spa d |
| 020 ## - INTERNATIONAL STANDARD BOOK NUMBER | |
| International Standard Book Number | 9681633830 |
| 041 ## - LANGUAGE CODE | |
| Language code of text/sound track or separate title | spa |
| 082 ## - DEWEY DECIMAL CLASSIFICATION NUMBER | |
| Classification number | 302.4 |
| Item number | DUV |
| 100 1# - MAIN ENTRY--PERSONAL NAME | |
| Personal name | DUVIGNAUD, JEAN |
| 245 13 - TITLE STATEMENT | |
| Title | LA SOLIDARIDAD : |
| Remainder of title | VINCULOS DE SANGRE Y VINCULOS DE AFINIDAD |
| 250 ## - EDITION STATEMENT | |
| Edition statement | 1a ed. |
| 260 ## - PUBLICATION, DISTRIBUTION, ETC. | |
| Place of publication, distribution, etc. | MEXICO : |
| Name of publisher, distributor, etc. | FONDO DE CULTURA ECONOMICA, |
| Date of publication, distribution, etc. | 1990 |
| 300 ## - PHYSICAL DESCRIPTION | |
| Extent | 331 |
| Dimensions | 11.3 x 1 x 16.9 |
| 490 ## - SERIES STATEMENT | |
| Series statement | COLECCION POPULAR. |
| 520 ## - SUMMARY, ETC. | |
| Summary, etc. | DEL TERMINO SOLIDARIDAD TODOS HEMOS IMAGINADO EL SIMBOLO DE LA DEFENSA DE LOS HOMBRES CONTRA LO QUE LOS APLASTA SIN EMBARGO, LA ACEPCION COMUN DE LA NOCION PASA POR ALTO DIFERENCIAS Y MATICES. EN ESTE LIBRO, JEAN DUVIGNAUD RASTREA YPONE DE RELIEVE LOS ELEMENTOS QUE SUBYACEN BAJO ESTE TERMINO GENERICO |
| 650 14 - SUBJECT ADDED ENTRY--TOPICAL TERM | |
| Topical term or geographic name entry element | INTEGRACION SOCIAL |
| General subdivision | SOCIOLOGIA |
| 700 1# - ADDED ENTRY--PERSONAL NAME | |
| Personal name | JOSÉ BARRALES VALLADARES |
| Relator term | tr. |
| 740 ## - ADDED ENTRY--UNCONTROLLED RELATED/ANALYTICAL TITLE | |
| Uncontrolled related/analytical title | LA SOLIDARITE. LIENS DE SANG ET LIENS DE RAISON |
| Withdrawn status | Lost status | Source of classification or shelving scheme | Damaged status | Not for loan | Collection code | Home library | Current library | Shelving location | Date acquired | Source of acquisition | Inventory number | Total Checkouts | Full call number | Barcode | Date last seen | Price effective from | Koha item type |
|---|---|---|---|---|---|---|---|---|---|---|---|---|---|---|---|---|---|
| Dewey Decimal Classification | General | Biblioteca Karol Wojtyla | Biblioteca Karol Wojtyla | Sala general | 03/12/2013 | Compra | 151000000000000000054291 | 302.4 DUV | 86793 | 05/01/2026 | 03/12/2013 | Libro |